Every Song by Bad Brains - Statistics

General Stats
  • This quiz has been taken 15 times
    13 since last reset
  • The average score is 19 of 124
Answer Stats
Album Song % Correct
Bad Brains(1982) Banned in D.C.
100%
Bad Brains(1982) I
100%
Bad Brains(1982) Pay to Cum
100%
Bad Brains(1982) Attitude
86%
Bad Brains(1982) Sailin' On
86%
Bad Brains(1982) F.V.K. (Fearless Vampire Killers)
71%
Bad Brains(1982) Leaving Babylon
71%
I Against I(1986) I Against I
57%
Bad Brains(1982) | I Against I(1986) Intro
57%
Bad Brains(1982) Big Take Over
43%
Bad Brains(1982) Don't Need It
43%
Rock for Light(1983) I and I Survive
43%
I & I Survived(2002) I & I Survive
43%
Bad Brains(1982) Jah Calling
43%
Rock for Light(1983) Joshua's Song
43%
Rise(1993) Rise
43%
Rock for Light(1983) Rock for Light
43%
The Youth are Getting Restless(1990) The Youth are Getting Restless
43%
Bad Brains(Bonus)(1982) Untitled
43%
Black Dots(1996) Black Dots
29%
Build a Nation(2007) Build a Nation
29%
God of Love(1995) God of Love
29%
Rock for Light(1983) How Low Can a Punk Get?
29%
Bad Brains(1982) I Luv I Jah
29%
Into the Future(2012) Into the Future
29%
I & I Survived(2002) Jah Love
29%
I & I Survived(2002) Rally
29%
I Against I(1986) Re-Ignition
29%
I Against I(1986) Sacred Love
29%
Bad Brains(1982) Supertouch / Shitfit
29%
Bad Brains(1982) The Regulator
29%
Rock for Light(1983) At the Movies
14%
Rock for Light(1983) Coptic Times
14%
Rock for Light(1983) Destroy Babylon
14%
Quickness(1989) Gene Machine / Don't Bother Me
14%
I Against I(1986) Hired Gun
14%
I Against I(1986) House of Suffering
14%
Rock for Light(Bonus)(1983) Jam
14%
I Against I(1986) Let Me Help
14%
Into the Future(2012) MCA Dub
14%
Rise(1993) Outro
14%
Rock for Light(1983) Rally 'Round Jah Throne
14%
I Against I(1986) Return to Heaven
14%
Bad Brains(1982) Right Brigade
14%
Rock for Light(1983) Riot Squad
14%
Into the Future(2012) Rub a Dub Love
14%
I Against I(1986) Secret 77
14%
I & I Survived(2002) September
14%
I Against I(1986) She's Calling You
14%
Quickness(1989) Soul Craft
14%
The Omega Sessions(1997) Stay Close to Me
14%
Rise(1993) Take Your Time
14%
Rock for Light(1983) The Meek Shall Inherit the Earth
14%
Rise(1993) Unidentified
14%
Rock for Light(1983) We Will Not
14%
Quickness(1989) With the Quickness
14%
Live at CBGB 1982(2006) All Rise to Meet Jah
0%
God of Love(1995) Big Fun
0%
Into the Future(2012) Come Down
0%
Rise(1993) Coming in Numbers
0%
God of Love(1995) Cool Mountaineer
0%
I & I Survived(2002) Cowboy
0%
God of Love(1995) Darling I Need You
0%
Live(1988) Daytripper
0%
Black Dots(1996) At the Atlantis
0%
Live at CBGB 1982(2006) Jah the Conqueror
0%
Spirit Electricity(1991) She's a Rainbow
0%
Quickness(1989) Don't Blow Bubbles
0%
Into the Future(2012) Earnest Love
0%
Quickness(1989) Endtro
0%
Build a Nation(2007) Expand Your Soul
0%
Rise(1993) Free
0%
Into the Future(2012) Fun
0%
I & I Survived(2002) Ghetto
0%
Build a Nation(2007) Give Thanks and Praises
0%
Rise(1993) Hair
0%
God of Love(1995) How I Love Thee
0%
Live at CBGB 1982(2006) I and I Rasta
0%
Build a Nation(2007) In the Beginning
0%
Build a Nation(2007) Jah People Make the World Go Round
0%
Black Dots(1996) Just Another Damn Song
0%
God of Love(1995) Justice Keepers
0%
Build a Nation(2007) Let There Be Angels (Just Like You)
0%
God of Love(1995) Long Time
0%
Rise(1993) Love is the Answer
0%
Into the Future(2012) Make a Joyful Noise
0%
Build a Nation(Bonus)(2007) Married Again
0%
Rise(1993) Miss Freedom
0%
Build a Nation(2007) Natty Dreadlocks 'pon the Mountain Top
0%
Quickness(1989) No Conditions
0%
A Bad Brains Reunion Live from Maritime Hall(2001) On Like Popcorn
0%
God of Love(1995) Over the Water
0%
Build a Nation(2007) Peace Be Unto Thee
0%
Rise(1993) Peace of Mind
0%
Into the Future(2012) Popcorn
0%
Build a Nation(2007) Pure Love
0%
I & I Survived(2002) Ragga Dub
0%
Black Dots(1996) Redbone in the City
0%
God of Love(1995) Rights of a Child
0%
Build a Nation(2007) Roll On
0%
Black Dots(1996) | Build a Nation(2007) Send You No Flowers
0%
Quickness(1989) Sheba
0%
Quickness(1989) Silent Tears
0%
Into the Future(2012) Suck Sess
0%
God of Love(1995) Thank Jah
0%
Black Dots(1996) The Man Won't Annoy Ya
0%
Quickness(1989) The Messengers
0%
Quickness(1989) The Prophet's Eye
0%
God of Love(1995) Tongue Tee Tie
0%
God of Love(1995) To the Heavens
0%
Live at CBGB 1982(2006) Unity Dub
0%
Build a Nation(2007) Universal Peace
0%
Build a Nation(2007) Until Kingdom Comes
0%
Quickness(1989) Voyage Into Infinity
0%
Into the Future(2012) We Belong Together
0%
Black Dots(1996) Why'd You Have to Go?
0%
Rise(1993) Without You
0%
Into the Future(2012) Yes I
0%
Rise(1993) Yes Jah
0%
Black Dots(1996) You're a Migraine
0%
Into the Future(2012) Youth of Today
0%
Quickness(1989) Yout' Juice
0%
No matching quizzes found
Score Distribution
Percent of People with Each Score
Percentile by Number Answered
Your Score History
You have not taken this quiz since the last reset